[Event "World Rapid Women 2019"]
[Site "Moscow RUS"]
[Date "2019.12.26"]
[Round "2.53"]
[White "Komiagina, Maria"]
[Black "Balaian, Alina"]
[Result "0-1"]
[WhiteTitle "WIM"]
[BlackTitle "WIM"]
[WhiteElo "2233"]
[BlackElo "2243"]
[WhiteFideId "4153987"]
[BlackFideId "24115347"]
[EventDate "2019.12.26"]
[EventType "rapid"]

1. e4 e6 2. d4 d5 3. exd5 exd5 4. Nf3 Nc6 5. Bd3 Bd6 6. c3 Bg4 7. h3 Bh5 8. O-O
Qd7 9. Nbd2 Nge7 10. Qc2 h6 11. Re1 O-O 12. Ne5 Nxe5 13. dxe5 Bc5 14. Nf1 Bg6
15. Ng3 Rae8 16. Be3 Qc6 17. Rad1 Bxe3 18. Rxe3 d4 19. Ree1 dxc3 20. bxc3 Bxd3
21. Rxd3 Ng6 22. Rde3 Nf4 23. Qe4 Qxe4 24. Rxe4 Nd3 25. R1e3 Rd8 26. Rd4 Nc5 27.
Nf5 Ne6 28. Rg4 Kh7 29. Nd4 Rfe8 30. Kh2 Rd5 31. h4 Ra5 32. Rf3 Kg8 33. Nf5 h5
34. Rgg3 Rxe5 35. Nh6+ Kh7 36. Nxf7 Re4 37. Kh3 Re7 38. Ng5+ Nxg5+ 39. Rxg5 R4e5
40. Rff5 Rxf5 41. Rxf5 g6 42. Rd5 Kg7 43. g4 hxg4+ 44. Kxg4 Kf6 45. Rd2 Re4+ 46.
Kg3 Rc4 47. Rd3 Ra4 48. Rd7 Rc4 49. Rd3 a5 50. f3 Ra4 51. Rd7 Rc4 52. Rd3 a4 53.
Re3 a3 54. f4 Rc5 55. c4 Ra5 56. Rb3 b6 57. Kg4 Ra4 58. Rc3 Ra5 59. Rd3 Ra4 60.
Rc3 Ra8 61. c5 b5 62. Rd3 Ra4 63. Rd8 Rc4 64. Rf8+ Ke7 65. Ra8 b4 66. Rb8 Kf6
67. Rb7 Rxc5 68. Rxb4 Rc2 69. Ra4 Rxa2 70. Ra6+ Kg7 71. Ra7 Ra1 72. Rxc7+ Kh6
73. Ra7 a2 0-1

[Event "World Rapid Women 2019"]
[Site "Moscow RUS"]
[Date "2019.12.26"]
[Round "2.54"]
[White "Potapova, Margarita"]
[Black "Nazarova, Anastasia"]
[Result "0-1"]
[WhiteTitle "WFM"]
[BlackTitle "WFM"]
[WhiteElo "2307"]
[BlackElo "2176"]
[WhiteFideId "14126869"]
[BlackFideId "34101737"]
[EventDate "2019.12.26"]
[EventType "rapid"]

1. d4 Nf6 2. c4 g6 3. Nc3 Bg7 4. e4 d6 5. Nf3 O-O 6. h3 Nbd7 7. Be3 e5 8. d5 a5
9. g4 Nc5 10. Nd2 Nfd7 11. h4 b6 12. Be2 f5 13. gxf5 gxf5 14. exf5 Rxf5 15. Qc2
Rf7 16. Nde4 Nf8 17. O-O-O Bf5 18. Bxc5 bxc5 19. Bd3 Ng6 20. Ng5 Bxd3 21. Qxd3
Rxf2 22. Nce4 Nf4 23. Qe3 Re2 24. Qf3 Rb8 25. Rd2 Rxd2 26. Nxd2 Qe8 27. Qe4 Qg6
28. Qxg6 hxg6 29. b3 Bh6 30. Nde4 Rf8 31. Kb2 Nd3+ 32. Kc3 Nf2 33. Nxf2 Rxf2 34.
Ne6 Rxa2 35. h5 e4 36. b4 axb4+ 37. Kb3 Ra3+ 38. Kc2 Rc3+ 39. Kb2 gxh5 40. Rxh5
Bc1+ 41. Kb1 Bd2 42. Rh4 e3 43. Re4 Rc1+ 44. Kb2 Rg1 45. Nf4 Rg4 46. Kc2 Bc3 47.
Kd3 Bd4 48. Ke2 b3 49. Kf3 Rh4 50. Re8+ Kf7 51. Rb8 Rxf4+ 52. Ke2 Rf2+ 53. Kd1
b2 54. Ke1 Bc3+ 0-1

[Event "World Rapid Women 2019"]
[Site "Moscow RUS"]
[Date "2019.12.26"]
[Round "2.55"]
[White "Getman, Tatyana"]
[Black "Lysenko, Margarita"]
[Result "1/2-1/2"]
[WhiteTitle "WFM"]
[BlackTitle "WFM"]
[WhiteElo "2265"]
[BlackElo "2290"]
[WhiteFideId "34166146"]
[BlackFideId "34100200"]
[EventDate "2019.12.26"]
[EventType "rapid"]

1. d4 Nf6 2. c4 e6 3. Nf3 b6 4. a3 Bb7 5. Nc3 Ne4 6. Nxe4 Bxe4 7. Nd2 Bb7 8. e4
g6 9. Bd3 Bg7 10. Nf3 h6 11. O-O O-O 12. Be3 d6 13. Qd2 Kh7 14. Rac1 Nd7 15. b4
Nf6 16. Qc2 Ng4 17. Bd2 c5 18. h3 Nf6 19. Be3 cxd4 20. Nxd4 Rc8 21. Rfd1 Qe7 22.
Qb1 Rfd8 23. Nb5 Bc6 24. a4 Bxb5 25. axb5 Nd7 26. Be2 Nf6 27. Bf3 e5 28. Rd2 Qb7
29. g3 Bf8 30. Bg2 Rd7 31. f4 Rdc7 32. c5 bxc5 33. bxc5 dxc5 34. fxe5 Nd7 35. e6
fxe6 36. e5 Qb6 37. Qe4 Qxb5 38. Rf1 Bg7 39. Rd6 Nf8 40. h4 h5 41. g4 hxg4 42.
h5 Qe8 43. hxg6+ Nxg6 44. Qxg4 Nxe5 45. Be4+ Kg8 46. Qh3 Rf7 47. Rc1 Qa4 48.
Qxe6 Re8 49. Qd5 Qa3 50. Re1 Qc3 51. Bf2 Nf3+ 52. Bxf3 Rxe1+ 53. Bxe1 Qxf3 54.
Rd8+ Kh7 55. Qxc5 Qg4+ 56. Kh2 Qe2+ 57. Kh3 Qf1+ 58. Kh2 Qe2+ 59. Kh3 Qe6+ 60.
Kg2 Qe4+ 61. Kh3 Rf3+ 62. Bg3 Qf5+ 63. Qxf5+ Rxf5 64. Kg4 Ra5 65. Rd7 Kg6 66.
Rd6+ Bf6 67. Rc6 Ra4+ 68. Bf4 a6 69. Rb6 Kf7 70. Rb7+ Ke6 71. Rb6+ Ke7 72. Rb7+
Ke6 73. Rb6+ Kf7 74. Rb7+ Ke6 75. Rb6+ Ke7 76. Rb7+ Kd8 77. Kf5 Bc3 78. Bd6 a5
79. Ke6 Re4+ 1/2-1/2

[Event "World Rapid Women 2019"]
[Site "Moscow RUS"]
[Date "2019.12.26"]
[Round "2.56"]
[White "Nosacheva, Mariya"]
[Black "Agrest, Inna"]
[Result "1-0"]
[WhiteTitle "WFM"]
[BlackTitle "WIM"]
[WhiteElo "2243"]
[BlackElo "2286"]
[WhiteFideId "34111422"]
[BlackFideId "1708830"]
[EventDate "2019.12.26"]
[EventType "rapid"]

1. e4 e5 2. Nf3 Nc6 3. Bb5 a6 4. Ba4 Nf6 5. O-O Bc5 6. d3 b5 7. Bb3 d6 8. a4 Bg4
9. Nc3 Nd4 10. axb5 axb5 11. Rxa8 Qxa8 12. Nd5 Qc8 13. c3 Nxf3+ 14. gxf3 Bh5 15.
Kg2 c6 16. Ne3 Bg6 17. d4 Ba7 18. dxe5 dxe5 19. Qd6 Bb8 20. Qb4 Nh5 21. Rd1 Nf4+
22. Kg1 Qh3 23. Qc5 Ne2+ 24. Kh1 Qxf3+ 25. Ng2 Bxe4 26. Bxf7+ Qxf7 27. Bg5 Nd4
28. cxd4 h6 29. Bh4 g5 30. Bg3 Rf8 31. Re1 Qf3 32. Rg1 Kf7 33. dxe5 Kg8 34. h3
Qf5 35. Kh2 Qe6 36. Ne3 h5 37. h4 Kg7 38. Qd4 Bg6 39. hxg5 h4 40. f4 hxg3+ 41.
Kxg3 Rh8 42. Ng4 Qb3+ 43. Kf2 Qc2+ 44. Kg3 Qd3+ 45. Qxd3 Bxd3 46. Rd1 Bf5 47.
Nh6 Kg6 48. Rc1 Be4 49. Kg4 Kg7 50. Re1 Bd3 51. f5 Rd8 52. Kh5 Kf8 53. g6 Rd5
54. f6 Bxg6+ 55. Kxg6 Rxe5 56. Rc1 c5 57. Rd1 Bc7 58. Rd7 Ba5 59. Rh7 Ke8 60.
f7+ Ke7 61. Nf5+ Rxf5 62. Kxf5 c4 63. Kg6 c3 64. Rh8 1-0

[Event "World Rapid Women 2019"]
[Site "Moscow RUS"]
[Date "2019.12.26"]
[Round "2.57"]
[White "Nomin-Erdene, Davaademberel"]
[Black "Antonova, Nadezhda"]
[Result "1-0"]
[WhiteTitle "IM"]
[BlackTitle "WFM"]
[WhiteElo "2425"]
[BlackElo "1913"]
[WhiteFideId "4900782"]
[BlackFideId "14700182"]
[EventDate "2019.12.26"]
[EventType "rapid"]

1. e4 c5 2. Nf3 e6 3. d4 cxd4 4. Nxd4 a6 5. c4 Nf6 6. Nc3 Qc7 7. a3 b6 8. Be3
Bb7 9. f3 Be7 10. Rc1 d6 11. Be2 Nbd7 12. Qd2 O-O 13. O-O Rac8 14. b4 Qb8 15.
Rc2 Bd8 16. Kh1 Bc7 17. Bg1 Rfe8 18. Rb1 Qa8 19. Na4 d5 20. exd5 exd5 21. c5
bxc5 22. bxc5 Bc6 23. Nb6 Bxb6 24. cxb6 Bb7 25. Rxc8 Qxc8 26. Nf5 Qb8 27. Qg5 g6
28. Bd3 Kh8 29. Nh6 Re7 30. Bd4 Qd6 31. Ng4 Kg7 32. Bf5 h5 33. Bxd7 hxg4 34.
fxg4 Rxd7 35. Rf1 Re7 36. Bxf6+ 1-0

[Event "World Rapid Women 2019"]
[Site "Moscow RUS"]
[Date "2019.12.26"]
[Round "2.58"]
[White "Nur-Mukhametova, Alisa"]
[Black "Bykova, Anastasia"]
[Result "1/2-1/2"]
[BlackTitle "WFM"]
[WhiteElo "2213"]
[BlackElo "2247"]
[WhiteFideId "54117739"]
[BlackFideId "4164970"]
[EventDate "2019.12.26"]
[EventType "rapid"]

1. e4 c6 2. Nc3 d5 3. Qe2 dxe4 4. Nxe4 Bf5 5. d3 e6 6. g3 Nd7 7. Bg2 Ngf6 8. Nf3
Be7 9. O-O O-O 10. c3 Qb6 11. h3 h6 12. Nfd2 Qa6 13. Re1 Rad8 14. Nc4 Nb6 15.
Nxb6 axb6 16. Nxf6+ Bxf6 17. d4 Qxe2 18. Rxe2 b5 19. Bf4 b4 20. Bc7 Rd7 21. Bb6
bxc3 22. bxc3 Ra8 23. a4 Bd3 24. Rb2 Bb5 25. a5 Ba6 26. f4 g5 27. Bf1 gxf4 28.
gxf4 Kh7 29. Bxa6 Rxa6 30. Kg2 Kg6 31. Kf3 Kf5 32. Rg1 Ra8 33. h4 Be7 34. Re2
Bd6 35. Re4 Kf6 36. Re2 Rc8 37. Rd2 Kf5 38. Rg4 f6 39. h5 Rf7 40. Rb2 Ra8 41. c4
Rd7 42. Rd2 Bb4 43. Ra2 Bc3 44. Rg1 Bxd4 45. Rd1 e5 46. Rad2 Ra6 47. fxe5 fxe5
48. Bxd4 exd4 49. Rxd4 Rxd4 50. Rxd4 Rxa5 51. Rd7 Ra3+ 52. Ke2 Rc3 53. Rxb7 Rxc4
54. Rg7 Re4+ 55. Kf3 Rf4+ 56. Kg3 Re4 57. Kf3 Re6 58. Rg8 Rd6 59. Ke3 Re6+ 60.
Kd4 Re4+ 61. Kc5 Rg4 62. Re8 Kf4 63. Kxc6 Rg5 64. Rf8+ Ke4 65. Re8+ Kf3 66. Rf8+
Kg2 67. Rf6 Rxh5 68. Kd6 Rh3 69. Ke5 h5 70. Ke4 Rg3 71. Rh6 Rg5 72. Kf4 Ra5 73.
Rg6+ Kh2 74. Rh6 Kh3 75. Kf3 Rf5+ 76. Ke4 Ra5 77. Kf4 h4 78. Rg6 Ra1 79. Rb6
Rf1+ 80. Kg5 Rg1+ 81. Kh5 Rg4 82. Rb3+ Rg3 83. Rb4 1/2-1/2

[Event "World Rapid Women 2019"]
[Site "Moscow RUS"]
[Date "2019.12.26"]
[Round "2.59"]
[White "Enkhtuul, Altan-Ulzii"]
[Black "Ovezdurdiyeva, Jemal"]
[Result "1-0"]
[WhiteTitle "WGM"]
[BlackTitle "WFM"]
[WhiteElo "2200"]
[BlackElo "2061"]
[WhiteFideId "4901444"]
[BlackFideId "14001888"]
[EventDate "2019.12.26"]
[EventType "rapid"]

1. Nf3 Nf6 2. d4 g6 3. Bf4 Bg7 4. e3 d6 5. Be2 O-O 6. h3 Nbd7 7. c3 b6 8. O-O
Bb7 9. Bh2 Re8 10. Na3 e5 11. dxe5 Nxe5 12. Nb5 Qe7 13. a4 a6 14. Na3 Ne4 15.
Nxe5 dxe5 16. Bf3 Rad8 17. Qc2 Rd2 18. Qb1 f5 19. Nc4 Rd7 20. Rd1 Red8 21. Rxd7
Rxd7 22. Qe1 Bd5 23. Be2 b5 24. axb5 axb5 25. Na5 Qg5 26. Bf1 c6 27. c4 bxc4 28.
Nxc4 Qe7 29. Nb6 Rb7 30. Qa5 Bf7 31. Qa8+ Be8 32. Nc4 Nc5 33. Rd1 Rd7 34. Rxd7
Nxd7 35. Qxc6 h6 36. Qc8 Kh7 37. b4 Bf7 38. b5 Be6 39. Qc7 Qb4 40. Nxe5 Nc5 41.
b6 Bd5 42. Nd7 Ne6 43. Qc8 Qb1 44. Be5 g5 45. Bxg7 Nxg7 46. Nf8+ Kg8 47. Ne6+
Kh7 48. Nxg7 Kxg7 49. Qd7+ Bf7 50. b7 Kg6 51. Qd6+ 1-0

[Event "World Rapid Women 2019"]
[Site "Moscow RUS"]
[Date "2019.12.26"]
[Round "2.60"]
[White "Tsogzolmaa, Nanjid"]
[Black "Shafigullina, Zarina"]
[Result "1/2-1/2"]
[BlackTitle "WFM"]
[WhiteElo "1884"]
[BlackElo "2269"]
[WhiteFideId "4903099"]
[BlackFideId "24174220"]
[EventDate "2019.12.26"]
[EventType "rapid"]

1. d4 Nf6 2. Nf3 e6 3. Bf4 c5 4. e3 Nc6 5. Nbd2 Be7 6. c3 Nh5 7. Be5 d6 8. Bg3
Nxg3 9. hxg3 cxd4 10. exd4 e5 11. Bb5 exd4 12. Nxd4 Bd7 13. N2f3 Ne5 14. O-O O-O
15. Re1 Bf6 16. Bxd7 Qxd7 17. Qc2 Rfe8 18. Red1 g6 19. a4 a6 20. Qb3 Rac8 21.
Nxe5 dxe5 22. Nb5 Qe6 23. Qxe6 Rxe6 24. Nd6 Rc7 25. Ne4 Be7 26. g4 Kg7 27. Ng3
Rb6 28. Rd2 Bg5 29. Re2 Bf4 30. a5 Rb3 31. Ne4 f5 32. gxf5 gxf5 33. Nd6 Kg6 34.
g3 Bg5 35. Rxe5 Rxb2 36. Re6+ Kh5 37. Nxf5 Kg4 38. Ne3+ Kh3 39. Re5 Bxe3 40.
Rxe3 Rc4 41. Kf1 Rc2 42. Rb1 R2xc3 43. Rxc3 Rxc3 44. Rxb7 Rc1+ 45. Ke2 Ra1 46.
Rxh7+ Kg2 47. Rf7 Rxa5 48. g4 Kh3 49. f3 Kg3 50. Ke3 Re5+ 51. Kd4 Re6 52. g5 Kh4
53. f4 a5 54. Rf6 Re1 55. g6 Rg1 56. f5 a4 57. Ra6 Kg5 58. Ke5 Re1+ 59. Kd5 Kxf5
60. Rxa4 Kxg6 1/2-1/2

[Event "World Rapid Women 2019"]
[Site "Moscow RUS"]
[Date "2019.12.26"]
[Round "3.1"]
[White "Lei, Tingjie"]
[Black "Girya, Olga"]
[Result "0-1"]
[WhiteTitle "GM"]
[BlackTitle "WGM"]
[WhiteElo "2483"]
[BlackElo "2488"]
[WhiteFideId "8605114"]
[BlackFideId "4195752"]
[EventDate "2019.12.26"]
[EventType "rapid"]

1. e4 c6 2. Nc3 d5 3. Nf3 Bg4 4. h3 Bxf3 5. Qxf3 e6 6. d3 Nf6 7. a3 Bc5 8. g3
Nbd7 9. Bg2 O-O 10. O-O a5 11. Qe2 a4 12. Kh2 dxe4 13. dxe4 e5 14. f4 b5 15. Bd2
Qe7 16. Rf3 Nb6 17. Raf1 Nc4 18. Bc1 Bd4 19. f5 h6 20. Nd1 Rfd8 21. g4 Rd6 22.
c3 Bb6 23. Kh1 Rad8 24. Rg3 Nd2 25. Bxd2 Rxd2 26. Qf3 Nh7 27. g5 Nxg5 28. Qh5
Qd6 29. h4 Nh7 30. f6 Nxf6 31. Qxh6 Ne8 32. Qh5 Rxd1 33. Qxf7+ Kh8 34. Rxd1
Qxd1+ 35. Kh2 Bg1+ 36. Kh3 Qd7+ 37. Qxd7 Rxd7 38. Bf1 Bc5 39. Rg5 Re7 40. Be2
Nf6 41. Bf3 Be3 42. Rg6 Kh7 43. h5 Bc1 44. Rg2 Rd7 45. Rc2 Bf4 46. c4 Rd2 47.
Rxd2 Bxd2 48. cxb5 cxb5 49. Be2 b4 50. Bb5 bxa3 51. bxa3 Bc1 52. Bxa4 Kh6 53.
Bc2 Bxa3 54. Kh4 Bc1 55. Bb1 Bg5+ 56. Kh3 Kxh5 57. Bd3 Bf4 58. Be2+ Kg5 59. Bf3
Bd2 60. Kg3 Be1+ 0-1

[Event "World Rapid Women 2019"]
[Site "Moscow RUS"]
[Date "2019.12.26"]
[Round "3.2"]
[White "Dzagnidze, Nana"]
[Black "Socko, Monika"]
[Result "1-0"]
[WhiteTitle "GM"]
[BlackTitle "GM"]
[WhiteElo "2520"]
[BlackElo "2407"]
[WhiteFideId "13601903"]
[BlackFideId "1106619"]
[EventDate "2019.12.26"]
[EventType "rapid"]

1. c4 e5 2. Nc3 Nc6 3. g3 g6 4. Bg2 Bg7 5. Rb1 a5 6. e3 Nge7 7. Nge2 O-O 8. O-O
d6 9. d3 Be6 10. Nd5 Qd7 11. Nec3 Rac8 12. a3 Bg4 13. Qa4 b6 14. Bd2 Nxd5 15.
Nxd5 Kh8 16. Rfe1 Nb8 17. Qc2 Qd8 18. b4 axb4 19. axb4 c6 20. Nc3 d5 21. Na4
dxc4 22. dxc4 Bf5 23. e4 Be6 24. Be3 Nd7 25. Red1 Qc7 26. c5 b5 27. Nb6 Rcd8 28.
Rd6 Rfe8 29. Rbd1 Bf8 30. R6d3 Nf6 31. Bg5 Be7 32. f4 Bg4 33. Rxd8 Rxd8 34.
Rxd8+ Qxd8 35. h3 Be6 36. Qc3 exf4 37. gxf4 Kg8 38. Kh2 Nd7 39. Bxe7 Qxe7 40.
Qd4 Qf6 41. Qxf6 Nxf6 42. e5 Nd5 43. Bxd5 cxd5 44. c6 d4 45. Kg3 d3 46. Kf2 Bxh3
47. c7 h5 48. c8=Q+ Bxc8 49. Nxc8 h4 50. Nd6 h3 51. Ne4 Kf8 52. Ke3 Ke7 53. Kxd3
Ke6 54. Ng5+ Kf5 55. Nxh3 Kg4 56. Ng5 Kxf4 57. Nxf7 Kf5 58. Kd4 g5 59. Nxg5 Kxg5
60. Ke4 1-0

[Event "World Rapid Women 2019"]
[Site "Moscow RUS"]
[Date "2019.12.26"]
[Round "3.3"]
[White "Saduakassova, Dinara"]
[Black "Kovalevskaya, Ekaterina"]
[Result "1/2-1/2"]
[WhiteTitle "IM"]
[BlackTitle "IM"]
[WhiteElo "2505"]
[BlackElo "2407"]
[WhiteFideId "13700090"]
[BlackFideId "4116704"]
[EventDate "2019.12.26"]
[EventType "rapid"]

1. d4 d5 2. c4 e6 3. Nf3 c5 4. cxd5 exd5 5. g3 Nc6 6. Bg2 Nf6 7. O-O Be7 8. Nc3
O-O 9. Bg5 c4 10. Ne5 Be6 11. Nxc6 bxc6 12. b3 Qa5 13. Qd2 Rad8 14. Rfd1 Bb4 15.
Bxf6 gxf6 16. Rac1 c5 17. Qe3 Rfe8 18. Qf3 cxb3 19. axb3 cxd4 20. Na4 f5 21.
Rxd4 Rc8 22. Rcd1 Bf8 23. Qf4 Bg7 24. R4d3 d4 25. Bf3 Qc7 26. Qxc7 Rxc7 27. Nb2
Rb8 28. Nc4 Bxc4 29. bxc4 Rxc4 30. Ra1 Rc7 31. Ra5 f4 32. Rda3 fxg3 33. hxg3 Bf8
34. Rxa7 Rc1+ 35. Kg2 Bxa3 36. Rxa3 Rc7 1/2-1/2

[Event "World Rapid Women 2019"]
[Site "Moscow RUS"]
[Date "2019.12.26"]
[Round "3.4"]
[White "Arabidze, Meri"]
[Black "Ovod, Evgenija"]
[Result "1-0"]
[WhiteTitle "IM"]
[BlackTitle "IM"]
[WhiteElo "2435"]
[BlackElo "2362"]
[WhiteFideId "13604040"]
[BlackFideId "4131827"]
[EventDate "2019.12.26"]
[EventType "rapid"]

1. d4 d5 2. c4 e6 3. Nc3 Nf6 4. Nf3 c5 5. e3 Nc6 6. a3 dxc4 7. Bxc4 a6 8. O-O b5
9. Bd3 Bb7 10. Qe2 Be7 11. dxc5 Bxc5 12. b4 Bb6 13. Bb2 O-O 14. Rac1 Qe7 15. Ne4
Nd7 16. Bb1 Rac8 17. Qd3 Rfd8 18. Nd6 Nf8 19. Nxc8 Rxc8 20. Rfd1 f6 21. h3 Kh8
22. Qd6 Qf7 23. Be4 Rd8 24. Qg3 e5 25. Rxd8 Nxd8 26. Bxb7 Qxb7 27. Qg4 Nde6 28.
Qf5 a5 29. Qc2 axb4 30. axb4 Qe7 31. Qc6 Qxb4 32. Bxe5 Bc5 33. Bd4 Bd6 34. g3 h6
35. Kg2 Kg8 36. Qd5 Kh7 37. Rc6 Nxd4 1-0

[Event "World Rapid Women 2019"]
[Site "Moscow RUS"]
[Date "2019.12.26"]
[Round "3.6"]
[White "Danielian, Elina"]
[Black "Bulmaga, Irina"]
[Result "0-1"]
[WhiteTitle "GM"]
[BlackTitle "IM"]
[WhiteElo "2399"]
[BlackElo "2434"]
[WhiteFideId "13300210"]
[BlackFideId "13903063"]
[EventDate "2019.12.26"]
[EventType "rapid"]

1. d4 Nf6 2. Nf3 e6 3. e3 b6 4. Bd3 Bb7 5. O-O d5 6. c4 Nbd7 7. Nc3 a6 8. cxd5
Nxd5 9. e4 Nxc3 10. bxc3 Be7 11. Bf4 O-O 12. Qe2 Re8 13. Rad1 Nf8 14. Bb1 b5 15.
c4 bxc4 16. Qxc4 Bd6 17. Bg5 Qd7 18. Bc2 h6 19. Ba4 c6 20. Be3 Qc7 21. Rb1 Rab8
22. Rfc1 Rec8 23. h4 Bf4 24. Qe2 Bd6 25. Qd2 Qe7 0-1

[Event "World Rapid Women 2019"]
[Site "Moscow RUS"]
[Date "2019.12.26"]
[Round "3.7"]
[White "Sargsyan, Anna M."]
[Black "Goltseva, Ekaterina"]
[Result "0-1"]
[WhiteTitle "WIM"]
[BlackTitle "FM"]
[WhiteElo "2382"]
[BlackElo "2297"]
[WhiteFideId "13308130"]
[BlackFideId "24173770"]
[EventDate "2019.12.26"]
[EventType "rapid"]

1. d4 Nf6 2. c4 e6 3. Nf3 d5 4. Nc3 dxc4 5. Bg5 a6 6. e4 b5 7. e5 h6 8. Bh4 g5
9. Nxg5 hxg5 10. Bxg5 Nbd7 11. exf6 Bb7 12. d5 Nc5 13. dxe6 Nxe6 14. Qg4 Qd6 15.
Be2 Nxg5 16. Qxg5 Bh6 17. Qf5 Bxg2 18. Rd1 Qe6 0-1

[Event "World Rapid Women 2019"]
[Site "Moscow RUS"]
[Date "2019.12.26"]
[Round "3.8"]
[White "Dordzhieva, Dinara"]
[Black "Shuvalova, Polina"]
[Result "1-0"]
[WhiteTitle "WIM"]
[BlackTitle "WGM"]
[WhiteElo "2314"]
[BlackElo "2446"]
[WhiteFideId "24157570"]
[BlackFideId "24171760"]
[EventDate "2019.12.26"]
[EventType "rapid"]

1. d4 Nf6 2. c4 e6 3. Nc3 d5 4. Nf3 c5 5. cxd5 Nxd5 6. e4 Nxc3 7. bxc3 cxd4 8.
cxd4 Bb4+ 9. Bd2 Bxd2+ 10. Qxd2 O-O 11. Bc4 b6 12. O-O Nd7 13. e5 Bb7 14. Qe3
Rc8 15. Bd3 Nb8 16. Ng5 h6 17. Ne4 Bxe4 18. Qxe4 g6 19. Rac1 Qd7 20. h4 h5 21.
g4 hxg4 22. h5 f5 23. exf6 Rxf6 24. hxg6 g3 1-0

[Event "World Rapid Women 2019"]
[Site "Moscow RUS"]
[Date "2019.12.26"]
[Round "3.9"]
[White "Lagno, Kateryna"]
[Black "Gaponenko, Inna"]
[Result "1-0"]
[WhiteTitle "GM"]
[BlackTitle "IM"]
[WhiteElo "2547"]
[BlackElo "2396"]
[WhiteFideId "14109336"]
[BlackFideId "14101181"]
[EventDate "2019.12.26"]
[EventType "rapid"]

1. e4 c5 2. Nf3 g6 3. d4 cxd4 4. Qxd4 Nf6 5. Nc3 Nc6 6. Qa4 d6 7. e5 dxe5 8.
Nxe5 Bd7 9. Nxd7 Qxd7 10. Be3 Bg7 11. Rd1 Qg4 12. Qb5 O-O 13. h3 Qb4 14. a3 Qxb5
15. Bxb5 Rfc8 16. O-O Ne5 17. Rd4 a6 18. Be2 b5 19. Rfd1 Nc4 20. Bxc4 bxc4 21.
Na4 e5 22. R4d2 Ne4 23. Rd7 Nf6 24. R7d2 Ne4 25. Rd5 Nf6 26. Ra5 Rc6 27. Nb6 Rb8
28. Rxa6 Bf8 29. a4 Kg7 30. a5 Bc5 31. Bxc5 Rxc5 32. Ra7 h5 33. Ra1 h4 34. Ra4
c3 1-0

[Event "World Rapid Women 2019"]
[Site "Moscow RUS"]
[Date "2019.12.26"]
[Round "3.10"]
[White "Maltsevskaya, Aleksandra"]
[Black "Tan, Zhongyi"]
[Result "0-1"]
[WhiteTitle "WGM"]
[BlackTitle "GM"]
[WhiteElo "2318"]
[BlackElo "2502"]
[WhiteFideId "24174041"]
[BlackFideId "8603642"]
[EventDate "2019.12.26"]
[EventType "rapid"]

1. e4 d6 2. d4 Nf6 3. Bd3 g6 4. c3 Bg7 5. Nf3 O-O 6. O-O Nc6 7. Na3 e5 8. dxe5
Nxe5 9. Nxe5 dxe5 10. Nc4 Qe7 11. Bg5 Rd8 12. Qe2 h6 13. Bh4 b6 14. Ne3 Bb7 15.
Rad1 a5 16. Bxf6 Bxf6 17. Bc4 c6 18. Qg4 Kh7 19. f4 Rxd1 20. Rxd1 Bc8 21. Qf3
exf4 22. Qxf4 Bg5 23. Qf3 Be6 24. Bxe6 Qxe6 25. b3 b5 26. Nc2 Ra7 27. Nd4 Qe8
28. e5 Qxe5 29. Nxc6 Qc5+ 30. Kh1 Rc7 31. Nd4 0-1

[Event "World Rapid Women 2019"]
[Site "Moscow RUS"]
[Date "2019.12.26"]
[Round "3.11"]
[White "Pourkashiyan, Atousa"]
[Black "Abdumalik, Zhansaya"]
[Result "0-1"]
[WhiteTitle "WGM"]
[BlackTitle "IM"]
[WhiteElo "2305"]
[BlackElo "2465"]
[WhiteFideId "12502014"]
[BlackFideId "13703544"]
[EventDate "2019.12.26"]
[EventType "rapid"]

1. e4 e5 2. Nf3 Nc6 3. Bb5 a6 4. Ba4 Nf6 5. O-O Be7 6. Re1 b5 7. Bb3 O-O 8. h3
Bb7 9. d3 d6 10. c3 Na5 11. Bc2 c5 12. Nbd2 Re8 13. Nf1 Bf8 14. Ng3 g6 15. d4
cxd4 16. cxd4 Nc6 17. Bg5 h6 18. Be3 exd4 19. Nxd4 Ne5 20. Nf3 Rc8 21. Rc1 Bg7
22. b3 Nxf3+ 23. Qxf3 Qa5 24. Bb1 d5 25. exd5 0-1

[Event "World Rapid Women 2019"]
[Site "Moscow RUS"]
[Date "2019.12.26"]
[Round "3.12"]
[White "Mamedjarova, Turkan"]
[Black "Stefanova, Antoaneta"]
[Result "0-1"]
[WhiteTitle "WGM"]
[BlackTitle "GM"]
[WhiteElo "2310"]
[BlackElo "2476"]
[WhiteFideId "13402005"]
[BlackFideId "2902257"]
[EventDate "2019.12.26"]
[EventType "rapid"]

1. d4 d5 2. Nf3 Nf6 3. c4 c6 4. cxd5 cxd5 5. Nc3 Nc6 6. Bf4 a6 7. e3 Bg4 8. Be2
Rc8 9. O-O e6 10. a3 Be7 11. Ne5 Bxe2 12. Qxe2 O-O 13. Rac1 Nxe5 14. dxe5 Nd7
15. Rcd1 f5 16. exf6 Bxf6 17. Bd6 Re8 18. e4 Bxc3 19. bxc3 Nf6 20. Be5 Nxe4 21.
Rd3 Qg5 22. Bd4 Qe7 23. f3 e5 24. fxe4 exd4 25. Rxd4 dxe4 26. Re1 Rxc3 27. Qa2+
Qf7 0-1

[Event "World Rapid Women 2019"]
[Site "Moscow RUS"]
[Date "2019.12.26"]
[Round "3.13"]
[White "Koneru, Humpy"]
[Black "Khomeriki, Nino"]
[Result "1-0"]
[WhiteTitle "GM"]
[BlackTitle "WGM"]
[WhiteElo "2574"]
[BlackElo "2355"]
[WhiteFideId "5008123"]
[BlackFideId "13603191"]
[EventDate "2019.12.26"]
[EventType "rapid"]

1. d4 Nf6 2. c4 e6 3. Nc3 Bb4 4. e3 O-O 5. Ne2 Re8 6. a3 Bf8 7. Ng3 d5 8. cxd5
exd5 9. Bd3 g6 10. O-O c6 11. Bc2 Nbd7 12. Re1 Bg7 13. f3 Nf8 14. Nge2 h5 15. h3
h4 16. e4 dxe4 17. fxe4 Nh5 18. Be3 f5 19. Qd2 f4 20. Bxf4 Nxf4 21. Qxf4 Bxd4+
22. Nxd4 Qxd4+ 23. Kh1 Kg7 1-0

[Event "World Rapid Women 2019"]
[Site "Moscow RUS"]
[Date "2019.12.26"]
[Round "3.14"]
[White "Kashlinskaya, Alina"]
[Black "Gunina, Valentina"]
[Result "1-0"]
[WhiteTitle "IM"]
[BlackTitle "GM"]
[WhiteElo "2484"]
[BlackElo "2492"]
[WhiteFideId "4198026"]
[BlackFideId "4167570"]
[EventDate "2019.12.26"]
[EventType "rapid"]

1. d4 Nf6 2. c4 e6 3. Nc3 Bb4 4. Qc2 b6 5. e4 c5 6. d5 Qe7 7. Ne2 exd5 8. exd5
d6 9. Bg5 Nbd7 10. O-O-O h6 11. Bh4 Ne5 12. a3 Ba5 13. b4 cxb4 14. axb4 Bxb4 15.
Qa4+ Bd7 16. Qxb4 a5 17. Qb3 g5 18. Bg3 b5 19. cxb5 O-O 20. Nd4 a4 21. Qa3 Rfc8
22. Nc6 Bxc6 23. dxc6 Nxc6 24. bxc6 Rxc6 25. Bb5 Rb6 26. Rhe1 Qb7 27. Kb2 Rc8 1-0

[Event "World Rapid Women 2019"]
[Site "Moscow RUS"]
[Date "2019.12.26"]
[Round "3.15"]
[White "Cramling, Pia"]
[Black "Charochkina, Daria"]
[Result "0-1"]
[WhiteTitle "GM"]
[BlackTitle "IM"]
[WhiteElo "2461"]
[BlackElo "2355"]
[WhiteFideId "1700030"]
[BlackFideId "4180917"]
[EventDate "2019.12.26"]
[EventType "rapid"]

1. d4 d5 2. Nf3 Nf6 3. c4 c6 4. Qb3 dxc4 5. Qxc4 Bg4 6. Nbd2 e6 7. g3 Be7 8. Bg2
O-O 9. O-O Qb6 10. Ne5 Bh5 11. h3 Nfd7 12. Nef3 Bg6 13. e4 Na6 14. a3 c5 15. d5
exd5 16. exd5 Qc7 17. Qe2 Nb6 18. Ne5 Rad8 19. Re1 Bf6 20. Ndc4 0-1